000 01152nam a22003377a 4500
003 CHAP
005 20220329134409.0
008 971013s1951 r 00010 d
010 _a19919
011 _a20891
035 _a24980
040 _cCHAP
082 _a512
_bA53 1951
100 0 0 _aAnfossi, Agustin.
_95749
245 _aCurso de álgebra para secundaria, preparatoria y comercio
250 _a4 ed.
260 _aMéxico, D.F., :
_bProgreso,
_c1951
300 _a408 p
590 _aBATCH-UPD
_b10
_c20130110
_lUCH01
_h1551
590 _aBATCH-UPD
_b10
_c20130410
_lUCH01
_h0949
590 _aBATCH-UPD
_b10
_c20130914
_lUCH01
_h1845
590 _aCONVERSION
_b10
_c20130109
_lUCH01
_h1312
650 1 4 _aÁlgebra.
_982391
901 _aBK
942 _cLIBRO
949 _a512 A53 1951
_bBC
_cLIBRO
_d-57645
_eLIBRO
_fc.2
_h12101
_i24980
_si
949 _a512 A53 1951
_bBC
_cLIBRO
_d-66460
_eLIBRO
_fc.3
_h12102
_i24980
_si
949 _a512 A53 1951
_bBC
_cLIBRO
_d-66461
_eLIBRO
_fc.5
_h12134
_i24980
_si
949 _a512 A53 1951
_bBC
_cLIBRO
_d-66462
_eLIBRO
_fc.6
_h12135
_i24980
_si
949 _a512 A53 1951
_bBC
_cLIBRO
_d-66463
_eLIBRO
_fc.7
_h12742
_i24980
_si
999 _c19919
_d19919